Wszystkie trzyliterowe słowa na literę c - Statystyki

Ogólne statystyki
  • Ten quiz został rozwiązany 101 razy
  • Średni wynik to 36 z 63
Statystyki odpowiedzi
Wskazówka Odpowiedź % Poprawnych
Brak cel
91%
Brak ceł
91%
Brak cal
91%
Brak cie
89%
Brak cię
89%
Brak car
88%
Brak cer
87%
Brak cap
84%
Brak cen
84%
Brak ceń
84%
Brak cep
82%
Brak coś
81%
Brak czy
81%
Brak cis
80%
Brak cez
76%
Brak cip
75%
Brak cud
69%
Brak ces
67%
Brak cug
66%
Brak cew
65%
Brak cum
65%
Brak cło
62%
Brak com
61%
Brak cas
60%
Brak cek
60%
Brak cab
59%
Brak cif
56%
Brak col
56%
Brak cóż
55%
Brak cyk
55%
Brak caf
54%
Brak cór
54%
Brak cyt
54%
Brak cha
53%
Brak cod
53%
Brak ciź
52%
Brak ciż
52%
Brak cyc
51%
Brak cyn
51%
Brak cze
49%
Brak che
48%
Brak chi
48%
Brak cob
48%
Brak chu
46%
Brak cup
46%
Brak cym
46%
Brak czi
46%
Brak cuć
41%
Brak cyg
40%
Brak clą
38%
Brak cła
38%
Brak cli
36%
Brak cle
35%
Brak clę
35%
Brak cna
35%
Brak cną
35%
Brak cne
34%
Brak cni
34%
Brak cyi
34%
Brak cny
33%
Brak cłu
32%
Brak cno
32%
Brak cru
20%
Nie znaleziono quizów pasujących do podanych kryteriów
Rozkład punktacji
Procent ludzi z każdym wynikiem
Percentyl według liczby udzielonych odpowiedzi
Twoja historia wyników
Nie rozwiązałeś tego quizu